Great writing 1 : Great sentences for great paragraphs

The Great Writing series uses clear explanations and extensive practical activities to help students write great sentences, paragraphs, and essays. Each book contains a wide variety of writing models in carefully selected rhetorical styles that provide practice in working with the writing process to...

Cur síos iomlán

Đã lưu trong:
Sonraí Bibleagrafaíochta
Príomhúdar: Folse, Keith S.
Formáid: Leabhar
Teanga:Undetermined
Foilsithe: Boston Heinle Cengage Learning 2010
Ábhair:
Clibeanna: Cuir Clib Leis
Gan Chlibeanna, Bí ar an gcéad duine leis an taifead seo a chlibeáil!
Thư viện lưu trữ: Trung tâm Học liệu Trường Đại học Cần Thơ
LEADER 01161nam a2200229Ia 4500
001 CTU_188008
008 210402s9999 xx 000 0 und d
020 |c 232000 
082 |a 808.042 
082 |b F671 
100 |a Folse, Keith S. 
245 0 |a Great writing 1 : 
245 0 |b Great sentences for great paragraphs 
245 0 |c Keith Folse, April Muchmore-Vokoun, Elena Vestri Solomon 
260 |a Boston 
260 |b Heinle Cengage Learning 
260 |c 2010 
520 |a The Great Writing series uses clear explanations and extensive practical activities to help students write great sentences, paragraphs, and essays. Each book contains a wide variety of writing models in carefully selected rhetorical styles that provide practice in working with the writing process to develop a final piece of writing. In Great Writing 1: Great Sentences for Great Paragraphs, basic writing skills are built by focusing on the elements of a good sentence within the context of a paragraph. 
650 |a English language,Tiếng Anh 
650 |x Rhetoric,Tu từ học 
910 |a Hải 
980 |a Trung tâm Học liệu Trường Đại học Cần Thơ